000 00519nam a2200145 a 4500
001 000042989
005 20201002040544.0
008 140214s2004 sp a 000 0 spa d
020 _a8476648499
040 _aDO-SdBNP
_bspa
_cBNPHU
245 1 0 _aConfucio :
_bel nacimento del humanismo en China, Musée national des Arts asiatiques-Guimet ; prólogo Jean-Paul Desroches.
260 _aBarcelona :
_bFundación "La Caixa,
_c2004.
300 _a213 p. :
_bil., lám. ;
_c31 cm.
700 1 _aDesroches,Jean-Paul
_epról.
_970498
999 _c42478
_d42478